000 00562cam a2200181 4500
001 WB3707-17
008 000000n2001 000 0 eng u
035 _a(Sirsi) u110905
245 _aGlobal positioning systems
260 _c2001
490 _aFinancial Times
_v 13 February 2001, 18(2)
520 _aExamines the impact of positioning technology on mobile phone industry and discusses how this may affect the way we live.
590 _aWB
650 _aGLOBAL POSITIONING SYSTEMS
650 _aMOBILE PHONES
690 _aGEOMATICS-GPS
942 _n0
999 _c66106
_d66106